| 000 | 01653nam a22002657a 4500 | ||
|---|---|---|---|
| 999 |
_c60261 _d60261 |
||
| 003 | Ge_BSU | ||
| 005 | 20230622162255.0 | ||
| 008 | 230622s2013 ge ||||| |||| 00| 0 geo d | ||
| 020 | _a9789941162664 | ||
| 041 | _ageo | ||
| 080 | _a087.5:94(37) გ-30 | ||
| 100 |
_aგელფორდი, ელენ _918904 |
||
| 245 |
_aიულიუს კეისარი : _bბიჭი, რომელმაც იმპერია დაიპყრო / _cელენ გელფორდი; [სურ.: ვენეტა ბულენი, ქეროლაინ ვუდი; მთარგმნ.: რამაზ ხატიაშვილი, ნოდარ მანჩხაშვილი; რედ. ნანა სუხიტაშვილი]. |
||
| 264 |
_a[თბილისი] : _bსაქართველოს მაცნე, _c2013. |
||
| 300 |
_a64 გვ. : _bილ. ; _c25 სმ. |
||
| 501 | _aლექსიკონი: გვ. 60-61. საძიებელი: გვ. 62-64. | ||
| 504 | _aბიბლიოგრ.: გვ. 62. | ||
| 653 | _aიულიუს კეისარი, ძვ.წ. 100-44. | ||
| 700 |
_aბულენი, ვენეტა _eსურათი _918905 |
||
| 700 |
_aვუდი, ქეროლაინ _eსურათი _918906 |
||
| 700 |
_aხატიაშვილი, რამაზ _eმთარგმნელი _918907 |
||
| 700 |
_aმანჩხაშვილი, ნოდარ _eმთარგმნელი _9394 |
||
| 700 |
_aსუხიტაშვილი, ნანა _eრედაქტორი _95594 |
||
| 942 |
_2udc _cBK |
||